The ultimate weapon--Christianity; (Record no. 1423)

MARC details
000 -LEADER
fixed length control field 00770cam a22002651 4500
001 - CONTROL NUMBER
control field 6090893
003 - CONTROL NUMBER IDENTIFIER
control field GBCCL
005 - DATE AND TIME OF LATEST TRANSACTION
control field 20241126110401.0
008 - FIXED-LENGTH DATA ELEMENTS--GENERAL INFORMATION
fixed length control field 770611s1961 xx 000 0 eng
010 ## -
-- 61007748
035 ## - SYSTEM CONTROL NUMBER
System control number (OCoLC)3032578
040 ## - CATALOGING SOURCE
Original cataloging agency DLC
Transcribing agency OC
Modifying agency DLC
042 ## -
-- premarc
050 00 -
-- BT1215
-- .S75
082 ## - DEWEY DECIMAL CLASSIFICATION NUMBER
Classification number 239.9
Item number STE
100 1# - MAIN ENTRY--PERSONAL NAME
Personal name Stevens, Paul M.
9 (RLIN) 2833
245 14 - TITLE STATEMENT
Title The ultimate weapon--Christianity;
Remainder of title the case for a foreign policy of militant Christianity.
250 ## - EDITION STATEMENT
Edition statement paperback ed.
260 ## - PUBLICATION, DISTRIBUTION, ETC.
Place of publication, distribution, etc. Texas,
Name of publisher, distributor, etc. Radio and telivision commission of the SBC
Date of publication, distribution, etc. 1966
300 ## - PHYSICAL DESCRIPTION
Extent 158 p.
Dimensions 21 cm.
650 #0 - SUBJECT ADDED ENTRY--TOPICAL TERM
Topical term or geographic name entry element Apologetics.
9 (RLIN) 85
650 #0 - SUBJECT ADDED ENTRY--TOPICAL TERM
Topical term or geographic name entry element Communism.
9 (RLIN) 2834
906 ## - LOCAL DATA ELEMENT F, LDF (RLIN)
a 7
b cbc
c oclcrpl
d u
e ncip
f 19
g y-gencatlg
942 ## - ADDED ENTRY ELEMENTS (KOHA)
Source of classification or shelving scheme Dewey Decimal Classification
Koha item type Books
Holdings
Withdrawn status Lost status Source of classification or shelving scheme Damaged status Not for loan Home library Current Library Shelving location Date acquired Total checkouts Full call number Barcode Date last seen Copy number Price effective from Koha item type
    Dewey Decimal Classification     GRACE BIBLE COLLEGE GRACE BIBLE COLLEGE Theology 2017-04-28   239.9 STE 008925 2025-05-01 c.1 2017-04-28 Books
© Grace Bible College Library 2025